Noem de 16 Ministers-presidenten van Nederland sinds 1945 - Statistieken

Algemene statistieken
  • Deze quiz is 21 keer genomen
  • De gemiddelde score is 7 van 16
Antwoordstatistieken
Hint Antwoord % Correct
Balkenende
93%
Rutte
93%
Kok
87%
Lubbers
80%
den Uyl
73%
Drees
67%
van Agt
60%
Biesheuvel
47%
Cals
20%
de Jong
20%
de Quay
20%
1945 Schermerhorn
20%
Beel
13%
Beel
13%
Marijnen
13%
Zijlstra
13%
Geen overeenkomende quizzen gevonden
Scoreverdeling
Procent van Mensen met Elke Score
Percentiel versus Aantal Correcte Antwoorden
Uw Scoregeschiedenis
U heeft deze quiz nog niet genomen